[Event "Asian Open Men"]
[Site "Ho Chi Minh"]
[Date "2012.05.11"]
[Round "7"]
[Board "14"]
[White "Gao, Rui"]
[Black "Venkatesh, M R"]
[Result "1/2-1/2"]
[WhiteElo "2427"]
[BlackElo "2517"]
[PlyCount "82"]
[EventDate "2012.05.05"]
[EventRounds "9"]
[EventCountry "VIE"]

1. e4 e5 2. Nf3 Nc6 3. Bc4 Nf6 4. d3 Be7 5. O-O d6 6. a4 O-O 7. Re1 Na5 8. Ba2
c5 9. Nbd2 Be6 10. c3 Nc6 11. Nc4 Re8 12. Ng5 Qd7 13. Nxe6 fxe6 14. f4 exf4 15.
Bxf4 d5 16. Nd2 Rf8 17. Bg3 Rad8 18. e5 Ne8 19. Qg4 g6 20. Rab1 Ng7 21. Nf3 g5
22. Nd2 h5 23. Qe2 g4 24. Rf1 Bg5 25. Bf2 Qe7 26. Rbe1 Nf5 27. Bb1 Rf7 28. Nb3
d4 29. Qe4 Qf8 30. Ba2 Rd5 31. Nxd4 cxd4 32. Bxd5 exd5 33. Qxd5 Nfe7 34. Qc4
dxc3 35. bxc3 Kg7 36. Bd4 Nxd4 37. Rxf7+ Qxf7 38. Qxd4 Qa2 39. Qf2 Qxf2+ 40.
Kxf2 Bd2 41. Rb1 b6 1/2-1/2

[Event "Asian Open Men"]
[Site "Ho Chi Minh"]
[Date "2012.05.11"]
[Round "7"]
[Board "16"]
[White "Deepan, Chakkravarthy J"]
[Black "Gopal, G N"]
[Result "1/2-1/2"]
[WhiteElo "2461"]
[BlackElo "2562"]
[PlyCount "100"]
[EventDate "2012.05.05"]
[EventRounds "9"]
[EventCountry "VIE"]

1. c4 c5 2. g3 Nc6 3. Bg2 g6 4. e3 Bg7 5. Ne2 e5 6. O-O Nge7 7. Nbc3 d6 8. b3
O-O 9. Bb2 Be6 10. Nd5 Qd7 11. Nec3 Bh3 12. d3 Bxg2 13. Kxg2 f5 14. Qd2 Rf7 15.
Rae1 Nxd5 16. Nxd5 Ne7 17. Nxe7+ Rxe7 18. f3 Rae8 19. Rf2 h5 20. Rfe2 Kh7 21.
Qc2 Re6 22. Bc3 Kg8 23. Bb2 Qf7 24. Bc3 Qd7 25. Bb2 Qe7 26. Bc3 h4 27. Bb2 Qg5
28. Bc1 Qh5 29. Rf2 R6e7 30. Qd1 Rf7 31. Ref1 Ref8 32. f4 h3+ 33. Kh1 Qxd1 34.
Rxd1 Re8 35. Kg1 Rd7 36. Bb2 exf4 37. exf4 d5 38. Bxg7 Kxg7 39. Kf1 dxc4 40.
bxc4 Re3 41. Rfd2 Rde7 42. Kf2 Kh6 43. Rb1 R3e6 44. Rbb2 Rd6 45. Rb5 b6 46. Rb3
g5 47. fxg5+ Kxg5 48. Re2 Red7 49. Re3 Rd4 50. Ke2 f4 1/2-1/2

[Event "Asian Open Men"]
[Site "Ho Chi Minh"]
[Date "2012.05.11"]
[Round "7"]
[Board "19"]
[White "Tu, Hoang Thong"]
[Black "Ju, Wenjun"]
[Result "1-0"]
[WhiteElo "2434"]
[BlackElo "2529"]
[PlyCount "81"]
[EventDate "2012.05.05"]
[EventRounds "9"]
[EventCountry "VIE"]

1. Nf3 Nf6 2. c4 g6 3. b4 Bg7 4. Bb2 O-O 5. g3 d6 6. Bg2 e5 7. d3 h6 8. O-O Be6
9. Nbd2 Nbd7 10. Qc2 Rb8 11. c5 Nd5 12. a3 f5 13. e4 Ne7 14. cxd6 cxd6 15. Rac1
Rc8 16. Qa4 Nc6 17. Nh4 Kh7 18. exf5 gxf5 19. b5 Qa5 20. Qxa5 Nxa5 21. Bc3 b6
22. Bxa5 bxa5 23. Rc6 Nc5 24. Nc4 Rxc6 25. bxc6 e4 26. Nxd6 Be5 27. Nc4 Nxd3
28. Nxe5 Nxe5 29. Rc1 Rc8 30. c7 Kg7 31. g4 fxg4 32. Bxe4 Nc4 33. Bf5 Bxf5 34.
Nxf5+ Kf6 35. Rxc4 Kxf5 36. Kg2 Ke6 37. Kg3 Kd7 38. Kxg4 Rg8+ 39. Kh5 Kc8 40.
h4 Rg2 41. f4 1-0

[Event "Asian Open Men"]
[Site "Ho Chi Minh"]
[Date "2012.05.11"]
[Round "7"]
[Board "20"]
[White "Cao, Sang"]
[Black "Le, Quang Long"]
[Result "1/2-1/2"]
[WhiteElo "2513"]
[BlackElo "2351"]
[PlyCount "83"]
[EventDate "2012.05.05"]
[EventRounds "9"]
[EventCountry "VIE"]

1. e4 c6 2. Nf3 d5 3. Nc3 Bg4 4. h3 Bxf3 5. Qxf3 e6 6. a3 Nf6 7. d3 Nbd7 8. g3
Qa5 9. Bd2 Qb6 10. Bg2 Qxb2 11. O-O Ne5 12. Qe2 d4 13. f4 dxc3 14. Be3 Qb5 15.
Rab1 Qa5 16. fxe5 Qxe5 17. d4 Qc7 18. Rb3 Be7 19. Rfb1 b6 20. Rxc3 Qxg3 21. Bd2
Qg6 22. e5 Nd5 23. Rd3 Bg5 24. c4 Ne7 25. Bb4 Rc8 26. Rbd1 O-O 27. Bxe7 Bxe7
28. Kh1 Rfd8 29. Be4 Qg5 30. Rg1 Qf4 31. Qg2 g6 32. Rf1 Qh4 33. Rg3 Rxd4 34.
Rg4 Rd2 35. Qf3 Qh6 36. Qxf7+ Kh8 37. Bg2 Bc5 38. Qf6+ Qg7 39. Qxe6 Qd7 40.
Qf6+ Qg7 41. Qe6 Qd7 42. Qf6+ 1/2-1/2

[Event "Asian Open Men"]
[Site "Ho Chi Minh"]
[Date "2012.05.11"]
[Round "7"]
[Board "21"]
[White "Nguyen, Duc Hoa"]
[Black "Farid, Firman Syah"]
[Result "0-1"]
[WhiteElo "2496"]
[BlackElo "2285"]
[PlyCount "110"]
[EventDate "2012.05.05"]
[EventRounds "9"]
[EventCountry "VIE"]

1. d4 d6 2. Nf3 Nd7 3. Bf4 c6 4. Nbd2 g6 5. e3 Bg7 6. Be2 Ngf6 7. h3 O-O 8. O-O
Qc7 9. c3 b6 10. a4 a5 11. Bh2 Ba6 12. Bxa6 Rxa6 13. e4 e5 14. Nc4 Nh5 15. Qe2
Ra7 16. Rfd1 Nf4 17. Bxf4 exf4 18. d5 c5 19. Qd2 Be5 20. Nfxe5 dxe5 21. Rdc1
Qd8 22. b4 f5 23. bxa5 fxe4 24. Re1 e3 25. fxe3 f3 26. Rf1 bxa5 27. e4 Qh4 28.
Qe3 Rf4 29. Nd2 fxg2 30. Kxg2 Ra8 31. Qg3 Qf6 32. Rab1 Rf8 33. Rf3 Nb6 34. Rxf4
exf4 35. Qd3 c4 36. Qf3 Nxa4 37. Re1 Nxc3 38. e5 Qh4 39. Kf1 Nb5 40. d6 c3 41.
Ne4 c2 42. Rc1 Nd4 43. Qd3 Nf5 44. Nf6+ Kh8 45. Ke2 f3+ 46. Kxf3 Qxh3+ 47. Ke4
Qg2+ 48. Kf4 Qh2+ 49. Ke4 Qg2+ 50. Kf4 Ng7 51. Qxc2 Nh5+ 52. Ke3 Qg3+ 53. Kd4
Nxf6 54. Rf1 Qg4+ 55. Kd3 Qe4+ 0-1

[Event "Asian Open Men"]
[Site "Ho Chi Minh"]
[Date "2012.05.11"]
[Round "7"]
[Board "23"]
[White "Kuderinov, Kirill"]
[Black "Pitra, Andika"]
[Result "1-0"]
[WhiteElo "2493"]
[BlackElo "2327"]
[PlyCount "139"]
[EventDate "2012.05.05"]
[EventRounds "9"]
[EventCountry "VIE"]

1. d4 d5 2. c4 c6 3. Nc3 Nf6 4. Nf3 dxc4 5. a4 Bf5 6. e3 e6 7. Bxc4 Bb4 8. O-O
O-O 9. Nh4 Bg4 10. Qb3 Qe7 11. h3 Bh5 12. g3 Rd8 13. Na2 Bd6 14. Qc2 c5 15.
dxc5 Bxc5 16. b4 Bd6 17. Be2 Bxe2 18. Qxe2 Nc6 19. b5 Na5 20. Bb2 Rac8 21. Rac1
Ba3 22. Rxc8 Rxc8 23. Bc3 Nb3 24. Qd1 Nc1 25. Bxf6 Qxf6 26. Nxc1 Rxc1 27. Qd7
Rxf1+ 28. Kxf1 g5 29. Ng2 Qa1+ 30. Ke2 Qb2+ 31. Qd2 f5 32. Qxb2 Bxb2 33. Kd3
Kf7 34. Kc4 Ke7 35. g4 Kd6 36. Ne1 a6 37. bxa6 bxa6 38. Nd3 Ba3 39. Kd4 h6 40.
Kc4 Kc6 41. Kd4 Kd6 42. f4 fxg4 43. hxg4 gxf4 44. exf4 Ke7 45. Nc5 a5 46. Nd3
Bd6 47. Kc4 Bc7 48. Kc5 Kf6 49. Kc6 Bd8 50. Nc5 Be7 51. Ne4+ Kf7 52. Nd6+ Kf6
53. Kd7 Bf8 54. Ne8+ Kf7 55. Nc7 Bb4 56. Nxe6 Bd2 57. f5 Kf6 58. Kc6 Bb4 59.
Kb5 h5 60. gxh5 Kxf5 61. Nd4+ Kg5 62. Nc6 Be1 63. Nxa5 Kxh5 64. Nc6 Kg6 65. Nb4
Kf7 66. a5 Ke8 67. a6 Bf2 68. Nd5 Ba7 69. Kc6 Kd8 70. Kb7 1-0

[Event "Asian Open Men"]
[Site "Ho Chi Minh"]
[Date "2012.05.11"]
[Round "7"]
[Board "24"]
[White "Nguyen, Huynh Minh Huy"]
[Black "Sonjaya, Deni"]
[Result "1-0"]
[WhiteElo "2442"]
[BlackElo "2321"]
[PlyCount "73"]
[EventDate "2012.05.05"]
[EventRounds "9"]
[EventCountry "VIE"]

1. d4 f5 2. Nf3 Nf6 3. g3 g6 4. Bg2 Bg7 5. O-O O-O 6. b3 d6 7. Bb2 Qe8 8. c4 h6
9. Nbd2 g5 10. Qc2 Na6 11. Bc3 c6 12. e4 fxe4 13. Nxe4 Qh5 14. Nxf6+ Rxf6 15.
Ne1 Bf5 16. Nd3 Raf8 17. Rae1 R6f7 18. Re3 Nc7 19. Qd2 Bh3 20. Rfe1 Bxg2 21.
Kxg2 Bf6 22. f3 g4 23. fxg4 Qxg4 24. Re4 Qh5 25. Nf4 Qf5 26. Qe2 d5 27. Re3 Bg5
28. Re5 Qd7 29. Nd3 Rf3 30. Bd2 dxc4 31. bxc4 Qxd4 32. Nf4 Ra3 33. Bc1 Ra4 34.
Qc2 Rxc4 35. Qg6+ Kh8 36. Rxe7 Bxe7 37. Rxe7 1-0

[Event "Asian Open Men"]
[Site "Ho Chi Minh"]
[Date "2012.05.11"]
[Round "7"]
[Board "25"]
[White "Novita, Anjas"]
[Black "Lou, Yiping"]
[Result "1/2-1/2"]
[WhiteElo "2304"]
[BlackElo "2428"]
[PlyCount "90"]
[EventDate "2012.05.05"]
[EventRounds "9"]
[EventCountry "VIE"]

1. e4 e6 2. d4 d5 3. Nc3 Nf6 4. e5 Nfd7 5. f4 c5 6. Nf3 Be7 7. Ne2 Nc6 8. c3 b5
9. g3 b4 10. Bh3 Nb6 11. O-O bxc3 12. bxc3 Nc4 13. Kh1 g6 14. Qe1 h5 15. Qf2
Qa5 16. Be3 Ba6 17. Rfc1 Rb8 18. dxc5 Nxe3 19. Qxe3 Qxc5 20. Ned4 Rb6 21. Rab1
Na5 22. Qd2 Kf8 23. Ng5 Bc8 24. Bf1 Nc4 25. Qf2 Kg7 26. Bd3 Bd7 27. Rb3 Qc7 28.
Ngf3 Rhb8 29. Rg1 Na5 30. Rxb6 Rxb6 31. Qe1 Nc4 32. g4 hxg4 33. Rxg4 Nb2 34.
Bc2 Kf8 35. Qg3 Ke8 36. Qh3 Ba4 37. Bxg6 fxg6 38. Rxg6 Nd3 39. Qh7 Qxc3 40.
Rg8+ Kd7 41. Qf7 Rb1+ 42. Kg2 Qb2+ 43. Kh3 Nf2+ 44. Kg3 Ne4+ 45. Kh3 Nf2+
1/2-1/2

[Event "Asian Open Men"]
[Site "Ho Chi Minh"]
[Date "2012.05.11"]
[Round "7"]
[Board "26"]
[White "Tran, Quoc Dung"]
[Black "Goh, Wei Ming Kevin"]
[Result "0-1"]
[WhiteElo "2303"]
[BlackElo "2426"]
[PlyCount "80"]
[EventDate "2012.05.05"]
[EventRounds "9"]
[EventCountry "VIE"]

1. d4 Nf6 2. Nf3 g6 3. g3 Bg7 4. Bg2 d5 5. O-O O-O 6. c4 dxc4 7. Na3 c3 8. bxc3
c5 9. Rb1 Nc6 10. Ne5 cxd4 11. cxd4 Nxd4 12. e3 Ne6 13. Nac4 Qc7 14. Bd2 Rb8
15. Qa4 Nd7 16. Nf3 b5 17. Rxb5 Ndc5 18. Rxc5 Nxc5 19. Qa5 Qxa5 20. Nxa5 Rb2
21. Rc1 Nd3 22. Rd1 Rxa2 23. Nc6 Bf6 24. Nfd4 Bg4 25. f3 Bd7 26. Bc3 Nb2 27.
Bxb2 Rxb2 28. f4 Rc8 29. Ne5 Bxe5 30. fxe5 Rc3 31. Re1 a5 32. e6 Bxe6 33. Nxe6
fxe6 34. Bh3 Kg7 35. Bxe6 Kf6 36. Bg8 a4 37. Rf1+ Kg7 38. Bd5 Rxe3 39. g4 e6
40. Bc6 a3 0-1

[Event "Asian Open Men"]
[Site "Ho Chi Minh"]
[Date "2012.05.11"]
[Round "7"]
[Board "28"]
[White "Tu, Hoang Thai"]
[Black "Wahono, Awam"]
[Result "0-1"]
[WhiteElo "2295"]
[BlackElo "2405"]
[PlyCount "89"]
[EventDate "2012.05.05"]
[EventRounds "9"]
[EventCountry "VIE"]

1. e4 Nc6 2. Nf3 e5 3. Bc4 Nf6 4. d3 Bc5 5. O-O d6 6. h3 O-O 7. Bg5 h6 8. Bh4
Be6 9. Nc3 Nd4 10. Nxd4 Bxd4 11. Bb3 Kh7 12. Ne2 Bb6 13. Bxf6 Qxf6 14. Ng3 c6
15. Kh2 d5 16. c3 Rad8 17. exd5 cxd5 18. f4 exf4 19. Nh5 Qh4 20. Qf3 g5 21.
Nf6+ Kg6 22. Ng4 Bxg4 23. Qxg4 Qxg4 24. hxg4 Be3 25. d4 h5 26. Bc2+ Kh6 27. Kh3
Rh8 28. gxh5 Kxh5 29. g4+ Kh6 30. Kg2 Kg7 31. Rh1 Kf6 32. Rxh8 Rxh8 33. Bd1 Ke6
34. Bc2 Kd6 35. Bf5 b5 36. Bd3 b4 37. cxb4 Bxd4 38. Rd1 Ke5 39. b3 Rc8 40. b5
Rc3 41. Kf3 Bb6 42. Ke2 f5 43. Bxf5 f3+ 44. Kd2 Ba5 45. Rf1 0-1

[Event "Asian Open Men"]
[Site "Ho Chi Minh"]
[Date "2012.05.11"]
[Round "7"]
[Board "29"]
[White "Ton, That Nhu Tung"]
[Black "Narayanan, Srinath"]
[Result "1/2-1/2"]
[WhiteElo "2144"]
[BlackElo "2383"]
[PlyCount "60"]
[EventDate "2012.05.05"]
[EventRounds "9"]
[EventCountry "VIE"]

1. d4 Nf6 2. c4 e6 3. g3 c5 4. d5 exd5 5. cxd5 d6 6. Nf3 g6 7. Bg2 Bg7 8. O-O
O-O 9. Nc3 Re8 10. Nd2 a6 11. a4 Nbd7 12. Nc4 Ne5 13. Na3 Bd7 14. f4 Neg4 15.
h3 Ne3 16. Bxe3 Rxe3 17. Kh2 Re7 18. e4 Ne8 19. Qb3 Rb8 20. Nc4 b5 21. axb5
axb5 22. Na5 b4 23. Ne2 Nf6 24. e5 dxe5 25. fxe5 Rxe5 26. Nf4 g5 27. Nd3 Re3
28. Nc4 Re2 29. Rae1 Rxe1 30. Rxe1 Bb5 1/2-1/2

[Event "Asian Open Men"]
[Site "Ho Chi Minh"]
[Date "2012.05.11"]
[Round "7"]
[Board "30"]
[White "Laylo, Darwin"]
[Black "Djuraev, Sokhib"]
[Result "1-0"]
[WhiteElo "2502"]
[BlackElo "2375"]
[PlyCount "97"]
[EventDate "2012.05.05"]
[EventRounds "9"]
[EventCountry "VIE"]

1. d4 Nf6 2. c4 g6 3. Nc3 Bg7 4. Nf3 d6 5. g3 O-O 6. Bg2 Nc6 7. O-O Bg4 8. d5
Na5 9. Nd2 c5 10. h3 Bd7 11. Qc2 a6 12. b3 b5 13. Bb2 Rb8 14. Rab1 bxc4 15.
bxc4 Qc7 16. e4 Rb4 17. Ba3 Rxb1 18. Rxb1 Rb8 19. Ne2 Rb6 20. f4 Qb8 21. Rxb6
Qxb6 22. g4 Ne8 23. Nf3 e6 24. e5 Nc7 25. exd6 Qxd6 26. Ng5 Qb6 27. Kh2 Nb7 28.
Ne4 Ne8 29. Qd3 e5 30. Bc1 f5 31. gxf5 gxf5 32. fxe5 fxe4 33. Qxe4 Qg6 34. Bf4
Bf5 35. Qe3 Bf8 36. Ng3 Bd3 37. d6 Nbxd6 38. Bd5+ Kg7 39. exd6 Bxd6 40. Bxd6
Nxd6 41. Qe7+ Nf7 42. Qxc5 Bb1 43. Qf2 Qc2 44. Qxc2 Bxc2 45. c5 Ba4 46. c6 Nd6
47. c7 Bd7 48. Ne4 Nb5 49. Bc6 1-0

[Event "Asian Open Men"]
[Site "Ho Chi Minh"]
[Date "2012.05.11"]
[Round "7"]
[Board "31"]
[White "Torre, Eugenio"]
[Black "Tan, Weiliang"]
[Result "1-0"]
[WhiteElo "2496"]
[BlackElo "2222"]
[PlyCount "105"]
[EventDate "2012.05.05"]
[EventRounds "9"]
[EventCountry "VIE"]

1. d4 d5 2. Bg5 h6 3. Bh4 c6 4. Nc3 Qb6 5. Rb1 Bf5 6. e3 e6 7. Bd3 Bxd3 8. cxd3
Nd7 9. Nf3 Be7 10. Bg3 Ngf6 11. O-O a5 12. Ne5 Nxe5 13. dxe5 Nd7 14. d4 O-O 15.
f4 f5 16. exf6 Bxf6 17. Bf2 Qc7 18. Qg4 Rae8 19. Rbd1 Bd8 20. Qg6 Nf6 21. h3
Qf7 22. Qxf7+ Rxf7 23. g4 Be7 24. a3 Bd6 25. Bh4 Nd7 26. a4 Ref8 27. Kg2 Nb6
28. b3 Nd7 29. Ne2 Bb4 30. Nc1 c5 31. dxc5 Nxc5 32. Nd3 Nxd3 33. Rxd3 Rc8 34.
f5 exf5 35. Rxf5 Rc2+ 36. Kf3 Rc3 37. Rdxd5 Rxf5+ 38. gxf5 Rxb3 39. Rd8+ Kf7
40. Rd7+ Kf8 41. Rxb7 Ra3 42. Bg3 Bc5 43. Bf4 Rxa4 44. Be5 Be7 45. e4 Ra3+ 46.
Kg4 h5+ 47. Kf4 Bb4 48. Bxg7+ Kg8 49. f6 Rxh3 50. e5 Bd2+ 51. Kf5 a4 52. Rb8+
Kh7 53. Rh8# 1-0

[Event "Asian Open Men"]
[Site "Ho Chi Minh"]
[Date "2012.05.11"]
[Round "7"]
[Board "32"]
[White "Garcia, Jan Emmanuel"]
[Black "Nguyen, Van Hai"]
[Result "1/2-1/2"]
[WhiteElo "2399"]
[BlackElo "2341"]
[PlyCount "106"]
[EventDate "2012.05.05"]
[EventRounds "9"]
[EventCountry "VIE"]

1. c4 Nf6 2. g3 g6 3. Bg2 d5 4. cxd5 Nxd5 5. Nc3 Nb6 6. d4 Bg7 7. Nf3 O-O 8.
O-O Nc6 9. e3 Re8 10. Re1 e5 11. d5 Na5 12. e4 c6 13. b4 Nac4 14. dxc6 Qxd1 15.
Rxd1 bxc6 16. b5 cxb5 17. Nxb5 Bb7 18. Nd2 Red8 19. Bf3 Bc6 20. Nxc4 Nxc4 21.
Rxd8+ Rxd8 22. Nxa7 Ba4 23. Be2 Rd4 24. Rb1 Bf8 25. Nb5 Bxb5 26. Rxb5 Rxe4 27.
Kf1 Kg7 28. Bd3 Rd4 29. Ke2 e4 30. Bc2 Ba3 31. Be3 Nxe3 32. Kxe3 Rb4 33. Rxb4
Bxb4 34. Kxe4 Bc5 35. f4 f5+ 36. Kf3 Ba3 37. g4 fxg4+ 38. Kxg4 Kf6 39. Kf3 h5
40. h3 g5 41. f5 Ke5 42. Bd3 Kd5 43. Ba6 Ke5 44. Bc8 Bb4 45. a4 Ba5 46. Bd7 Bb4
47. Be8 Kxf5 48. Bxh5 Kf6 49. Ke4 Ke6 50. Bg4+ Kd6 51. Kd4 Kc6 52. Ke5 Kb6 53.
Bd7 Be1 1/2-1/2

[Event "Asian Open Men"]
[Site "Ho Chi Minh"]
[Date "2012.05.11"]
[Round "7"]
[Board "33"]
[White "Tran, Tuan Minh"]
[Black "Sapar, Emelbek"]
[Result "1/2-1/2"]
[WhiteElo "2266"]
[BlackElo "2380"]
[PlyCount "98"]
[EventDate "2012.05.05"]
[EventRounds "9"]
[EventCountry "VIE"]

1. d4 Nf6 2. c4 g6 3. Nc3 Bg7 4. e4 d6 5. f3 O-O 6. Be3 Nbd7 7. Qd2 c5 8. d5
Ne5 9. h3 Nh5 10. Bf2 f5 11. exf5 Rxf5 12. O-O-O Qf8 13. Ne4 b5 14. cxb5 a6 15.
Kb1 axb5 16. g4 Nxf3 17. Nxf3 Rxf3 18. Qe2 Rf4 19. Bg2 Nf6 20. Bg3 Nxe4 21.
Bxf4 Qxf4 22. Qxe4 Qf2 23. Qc2 Qxc2+ 24. Kxc2 Rxa2 25. Rb1 c4 26. Rhe1 Bf6 27.
Re3 Bd7 28. Ra3 Rxa3 29. bxa3 Kf7 30. Bf3 Bd4 31. Be2 Kf6 32. Rf1+ Kg7 33. a4
bxa4 34. Bxc4 h5 35. Kd3 Bf6 36. Rg1 hxg4 37. hxg4 Kh6 38. Ke4 Kg5 39. Rg2 a3
40. Kf3 Ba4 41. Rd2 Be5 42. Rd3 Bb2 43. Re3 Bd1+ 44. Kg2 Bxg4 45. Rxe7 Kf4 46.
Ra7 Bf5 47. Ba2 Ke5 48. Ra6 Bd3 49. Ra4 Be4+ 1/2-1/2

[Event "Asian Open Men"]
[Site "Ho Chi Minh"]
[Date "2012.05.11"]
[Round "7"]
[Board "35"]
[White "Li, Hanbin"]
[Black "Qu, Yanqiao"]
[Result "1-0"]
[WhiteElo "2289"]
[BlackElo "2159"]
[PlyCount "35"]
[EventDate "2012.05.05"]
[EventRounds "9"]
[EventCountry "VIE"]

1. e4 e5 2. f4 exf4 3. Nf3 Ne7 4. Bc4 d5 5. exd5 Nxd5 6. Bxd5 Qxd5 7. d4 Be7 8.
O-O O-O 9. Bxf4 c5 10. Nc3 Qc4 11. Qe1 Bf6 12. Ne4 Bxd4+ 13. Kh1 Qxc2 14. Nxd4
cxd4 15. Rc1 Qa4 16. Nf6+ gxf6 17. Qg3+ Kh8 18. Bh6 1-0

[Event "Asian Open Men"]
[Site "Ho Chi Minh"]
[Date "2012.05.12"]
[Round "8"]
[Board "2"]
[White "Yu, Yangyi"]
[Black "Salem, A R  Saleh"]
[Result "1-0"]
[WhiteElo "2626"]
[BlackElo "2528"]
[PlyCount "59"]
[EventDate "2012.05.05"]
[EventRounds "9"]
[EventCountry "VIE"]

1. e4 e5 2. Nc3 Nf6 3. g3 d5 4. exd5 Nxd5 5. Bg2 Nxc3 6. bxc3 Nc6 7. Ne2 Be6 8.
O-O Bd5 9. d3 h5 10. h4 Bxg2 11. Kxg2 Qd7 12. c4 O-O-O 13. Rb1 f6 14. Be3 e4
15. d4 Na5 16. c5 g5 17. hxg5 h4 18. Rh1 h3+ 19. Kh2 fxg5 20. Nc3 Nc6 21. Qe2
Bg7 22. Qb5 b6 23. Rhd1 Kb8 24. Qa4 Rhf8 25. d5 Ne5 26. Nb5 Ng4+ 27. Kh1 a5 28.
cxb6 cxb6 29. Bxb6 e3 30. Ba7+ 1-0

[Event "Asian Open Men"]
[Site "Ho Chi Minh"]
[Date "2012.05.12"]
[Round "8"]
[Board "5"]
[White "Gundavaa, Bayarsaikhan"]
[Black "Nguyen, Ngoc Truong Son"]
[Result "1/2-1/2"]
[WhiteElo "2516"]
[BlackElo "2656"]
[PlyCount "71"]
[EventDate "2012.05.05"]
[EventRounds "9"]
[EventCountry "VIE"]

1. d4 Nf6 2. c4 e6 3. g3 c5 4. d5 exd5 5. cxd5 d6 6. Nc3 g6 7. Bg2 Bg7 8. Nf3
O-O 9. O-O Nbd7 10. Re1 a6 11. a4 Ng4 12. h3 Nge5 13. Nd2 f5 14. f4 Nf7 15. e4
Rb8 16. Nc4 Qf6 17. Kh2 Qd8 18. a5 fxe4 19. Nxe4 b5 20. Ncxd6 Nxd6 21. Nxd6 Nb6
22. Nxc8 Nxc8 23. Be3 c4 24. Qd2 Qc7 25. Bd4 Bxd4 26. Qxd4 Nd6 27. Re6 Nf5 28.
Qf2 Ra8 29. d6 Qa7 30. Qb6 Rfb8 31. Qxa7 Rxa7 32. Rd1 Rd8 33. g4 Ng7 34. Rf6
Ne8 35. Re6 Ng7 36. Rf6 1/2-1/2

[Event "Asian Open Men"]
[Site "Ho Chi Minh"]
[Date "2012.05.12"]
[Round "8"]
[Board "7"]
[White "Wan, Yunguo"]
[Black "Wen, Yang"]
[Result "1/2-1/2"]
[WhiteElo "2456"]
[BlackElo "2550"]
[PlyCount "111"]
[EventDate "2012.05.05"]
[EventRounds "9"]
[EventCountry "VIE"]

1. e4 c5 2. Nf3 d6 3. d4 cxd4 4. Nxd4 Nf6 5. Nc3 a6 6. a4 e5 7. Nf3 h6 8. Bc4
Be6 9. Qe2 Be7 10. O-O Qc7 11. Bxe6 fxe6 12. Nh4 O-O 13. Ng6 Rf7 14. f4 Nc6 15.
Qc4 Qd7 16. fxe5 Nxe5 17. Nxe7+ Qxe7 18. Qb3 Raf8 19. Be3 Nfg4 20. Rxf7 Qxf7
21. Ne2 Nxh2 22. Nf4 Neg4 23. Qxe6 Nxe3 24. Kxh2 Qxe6 25. Nxe6 Rf2 26. Ra3 Nxg2
27. Rb3 Ne1+ 28. Kg3 Rg2+ 29. Kh3 Kf7 30. Nf4 Rxc2 31. Rxb7+ Kf6 32. Nd5+ Ke5
33. Ne3 Rc5 34. Rxg7 Kxe4 35. Nd1 Nd3 36. Nc3+ Kf5 37. Rf7+ Ke6 38. Rh7 Nxb2
39. Ne4 Rh5+ 40. Kg4 Rh1 41. Ra7 Ke5 42. Ng3 h5+ 43. Nxh5 Nxa4 44. Rxa6 Nc5 45.
Ra8 Rf1 46. Re8+ Ne6 47. Ng3 Rf2 48. Nh1 Rf6 49. Kg3 Kd4 50. Nf2 Nc5 51. Ng4
Rf5 52. Ne3 Rf7 53. Kg4 d5 54. Nf5+ Kc3 55. Rc8 Kb4 56. Rb8+ 1/2-1/2

[Event "Asian Open Men"]
[Site "Ho Chi Minh"]
[Date "2012.05.12"]
[Round "8"]
[Board "9"]
[White "Lu, Shanglei"]
[Black "Gomez, John Paul"]
[Result "1/2-1/2"]
[WhiteElo "2522"]
[BlackElo "2507"]
[PlyCount "69"]
[EventDate "2012.05.05"]
[EventRounds "9"]
[EventCountry "VIE"]

1. e4 c5 2. Nf3 g6 3. c3 Bg7 4. d4 cxd4 5. cxd4 d5 6. e5 Bg4 7. Qb3 Qb6 8. Qxd5
Nc6 9. Bc4 e6 10. Qb5 Bxf3 11. gxf3 O-O-O 12. Qxb6 axb6 13. Na3 Nxd4 14. f4 Bf8
15. O-O Nh6 16. Be3 Nhf5 17. Rac1 Kb8 18. Rfd1 Bc5 19. Bxd4 Bxd4 20. Nb5 Bxb2
21. Rb1 Bd4 22. Bd3 Bc5 23. Be4 Nd4 24. Nxd4 Bxd4 25. a4 Bc5 26. Kg2 Kc7 27.
Rdc1 Rd4 28. a5 Rxe4 29. Rxb6 Kb8 30. Rxc5 Ra4 31. Rcb5 Ka8 32. Rd6 Rc8 33. Rd7
Rxf4 34. Rbxb7 Rc2 35. a6 1/2-1/2

[Event "Asian Open Men"]
[Site "Ho Chi Minh"]
[Date "2012.05.12"]
[Round "8"]
[Board "10"]
[White "Gupta, Abhijeet"]
[Black "Ma, Qun"]
[Result "0-1"]
[WhiteElo "2644"]
[BlackElo "2481"]
[PlyCount "162"]
[EventDate "2012.05.05"]
[EventRounds "9"]
[EventCountry "VIE"]

1. d4 d5 2. c4 c6 3. Nf3 Nf6 4. Nc3 dxc4 5. a4 Bf5 6. Ne5 Nbd7 7. Nxc4 Nb6 8.
Ne5 a5 9. e3 g6 10. Bd3 Bxd3 11. Nxd3 Bg7 12. O-O O-O 13. Qb3 Nfd7 14. f4 Rc8
15. Ne4 Qc7 16. Bd2 Nd5 17. Rac1 b6 18. f5 Bh6 19. Rf3 N7f6 20. Nxf6+ exf6 21.
Nf2 Qe7 22. Re1 Rfe8 23. h4 Kg7 24. Kf1 Qd6 25. Qd3 Nb4 26. Bxb4 Qxb4 27. Ng4
b5 28. Re2 c5 29. Qxb5 Qxb5 30. axb5 cxd4 31. exd4 Bc1 32. Rxe8 Rxe8 33. fxg6
hxg6 34. Rb3 Re4 35. Nf2 Rxd4 36. b6 Bf4 37. b7 Bb8 38. Ke2 Rxh4 39. Nd3 Rg4
40. Kf2 Rc4 41. Rb5 a4 42. Nb4 f5 43. Ke2 Re4+ 44. Kd3 Rg4 45. Na6 Ba7 46. Nc5
Bb8 47. Ra5 Rg3+ 48. Kc4 Rxg2 49. Ra8 Bf4 50. Nxa4 g5 51. b4 g4 52. Nc5 Rc2+
53. Kb3 Rd2 54. Kc3 Rd5 55. Kc4 Rd1 56. Nd3 Bd6 57. Rd8 Bc7 58. Rc8 Bd6 59. Rd8
Bc7 60. Rc8 Bd6 61. Rc5 Rf1 62. Rd5 Bb8 63. Rd8 Bc7 64. Rc8 Bd6 65. Kd5 Bh2 66.
Kc6 Rd1 67. Nc5 Bf4 68. Na6 g3 69. Nc7 Rc1+ 70. Kd5 Rxc7 71. Rg8+ Kf6 72. b8=Q
Rd7+ 73. Kc6 Bxb8 74. Kxd7 f4 75. Rxb8 f3 76. b5 f2 77. b6 f1=Q 78. b7 Qb5+ 79.
Kc7 Qe5+ 80. Kc8 Qxb8+ 81. Kxb8 g2 0-1

[Event "Asian Open Men"]
[Site "Ho Chi Minh"]
[Date "2012.05.12"]
[Round "8"]
[Board "11"]
[White "Ghaem, Maghami Ehsan"]
[Black "Gao, Rui"]
[Result "0-1"]
[WhiteElo "2579"]
[BlackElo "2427"]
[PlyCount "78"]
[EventDate "2012.05.05"]
[EventRounds "9"]
[EventCountry "VIE"]

1. e4 c5 2. Nc3 d6 3. Nge2 Nf6 4. g3 Nc6 5. Bg2 g6 6. d3 Bg7 7. h3 Rb8 8. f4
Bd7 9. Be3 b5 10. Qd2 b4 11. Nd1 O-O 12. O-O a5 13. g4 a4 14. a3 Qa5 15. axb4
Qxb4 16. c3 Qb5 17. Qc2 Rfc8 18. Ra2 Be6 19. Ra1 Nd7 20. c4 Nd4 21. Nxd4 cxd4
22. Bf2 Nb6 23. Qd2 Qe8 24. Re1 Bxc4 25. dxc4 Nxc4 26. Qe2 Rb3 27. e5 d3 28.
Qe4 dxe5 29. f5 d2 30. Re2 Bh6 31. Qd5 Nb6 32. Qxe5 Rc1 33. Bd4 f6 34. Bd5+
Nxd5 35. Qxd5+ Qf7 36. Qd8+ Bf8 37. Rxa4 Rxd1+ 38. Kg2 Rd3 39. Ra8 Rg1+ 0-1

[Event "Asian Open Men"]
[Site "Ho Chi Minh"]
[Date "2012.05.12"]
[Round "8"]
[Board "12"]
[White "Megaranto, Susanto"]
[Black "Nguyen, Anh Dung"]
[Result "1/2-1/2"]
[WhiteElo "2517"]
[BlackElo "2440"]
[PlyCount "76"]
[EventDate "2012.05.05"]
[EventRounds "9"]
[EventCountry "VIE"]

1. d4 d5 2. Nf3 Nf6 3. c4 c6 4. e3 Bf5 5. Nc3 e6 6. Bd3 Bg6 7. O-O Nbd7 8. Qe2
Be7 9. Bxg6 hxg6 10. e4 dxe4 11. Nxe4 Nxe4 12. Qxe4 O-O 13. Bf4 Qa5 14. Rfe1
Rfe8 15. h3 Rad8 16. a3 Qf5 17. Qe3 b5 18. b3 bxc4 19. bxc4 c5 20. Rac1 cxd4
21. Nxd4 Qc5 22. Nb5 e5 23. Bxe5 Qxe3 24. Rxe3 Bg5 25. f4 Rxe5 26. Rxe5 Bxf4
27. Ree1 Bxc1 28. Rxc1 a6 29. Nc3 Nc5 30. Rd1 Rb8 31. Rb1 Re8 32. Nd5 Re4 33.
Rb8+ Kh7 34. Nb6 Re3 35. Rc8 Rb3 36. Rxc5 Rxb6 37. Rd5 Rb3 38. Ra5 Rc3 1/2-1/2